000
00280nam a2200097Ia 4500
008
231107s1975 xx 000 0 und d
041
_a
eng
100
_a
Braziller G.
245
_a
Architecture Cities & the Systems Approach
260
_a
New York
_b
Braziller George Publication
_c
1975
999
_c
925827
_d
925827